[Event "Reykjavik op"]
[Site "Reykjavik"]
[Date "2023.03.29"]
[Round "1"]
[White "Lindh, Fredrik"]
[Black "Moeller, Jared William"]
[Result "1-0"]
[WhiteElo "2259"]
[BlackElo "1974"]
[PlyCount "77"]
[EventDate "2023.03.29"]
[EventType "swiss"]
[EventRounds "9"]
[EventCountry "ISL"]
[SourceTitle "CBM 213 Extra"]
[Source "ChessBase"]
[SourceDate "2023.05.31"]
[SourceVersion "1"]
[SourceVersionDate "2023.05.31"]
[SourceQuality "1"]

1. e4 c5 2. Nf3 d6 3. d4 cxd4 4. Nxd4 Nf6 5. Nc3 a6 6. Be3 e5 7. Nb3 Be7 8. f3 Be6 9. Qd2 h5 10. Nd5 Nxd5 11. exd5 Bf5 12. c4 Nd7 13. Na5 Qc7 14. Be2 Bh4+ 15. g3 Bf6 16. 0-0 b6 17. Nc6 Nb8 18. Nxb8 Rxb8 19. Rac1 a5 20. Bd3 Bh3 21. Rf2 0-0 22. b4 axb4 23. Qxb4 Rfe8 24. Rb1 Qd7 25. Qb5 Bd8 26. Qxd7 Bxd7 27. Rfb2 Ra8 28. Bxb6 Bxb6+ 29. Rxb6 Rxa2 30. Rxd6 Bh3 31. Bf1 Bxf1 32. Rxf1 Rb8 33. Rf2 Ra1+ 34. Kg2 Rc1 35. Rc6 g5 36. Ra2 g4 37. fxg4 hxg4 38. d6 Rbb1 39. d7 1-0

[Event "Fagernes op"]
[Site "Fagernes"]
[Date "2021.10.14"]
[Round "6"]
[White "Lindh, Fredrik"]
[Black "Skotheim, Andreas"]
[Result "1-0"]
[WhiteElo "2296"]
[BlackElo "2146"]
[PlyCount "91"]
[EventDate "2021.10.10"]
[EventType "swiss"]
[EventRounds "9"]
[EventCountry "NOR"]
[SourceTitle "CBM 204 Extra"]
[Source "ChessBase"]
[SourceDate "2021.11.30"]
[SourceVersion "1"]
[SourceVersionDate "2021.11.30"]
[SourceQuality "1"]

1. e4 c5 2. Nf3 e6 3. d4 cxd4 4. Nxd4 Nc6 5. Nc3 Qc7 6. Be2 Nf6 7. Be3 Be7 8. 0-0 d6 9. Kh1 0-0 10. f4 Nxd4 11. Bxd4 e5 12. Be3 b6 13. Qd3 Bb7 14. Nd5 Bxd5 15. exd5 Nd7 16. f5 Rac8 17. c3 Qd8 18. Qb5 Rc7 19. Qb4 Nc5 20. Qg4 Bf6 21. Rf3 Qd7 22. Raf1 Qa4 23. c4 Qc2 24. Rh3 Rfc8 25. Qh5 Qxb2 26. Bd1 Qxa2 27. g4 Qxc4 28. Qxh7+ Kf8 29. Kg1 Ne4 30. Qh5 Nc3 31. g5 Nxd5 32. gxf6 gxf6 33. Bb3 Qe4 34. Bxd5 Qxd5 35. Rd1 Qc6 36. Qh8+ Ke7 37. Qg7 Qc2 38. Re1 Qxf5 39. Rh6 Rc4 40. h3 Ke6 41. Rf1 Qc2 42. Qxf6+ Kd5 43. Qxd6+ Ke4 44. Rh4+ Kxe3 45. Qxe5+ Kd2 46. Qe1+ 1-0

[Event "Fagernes op"]
[Site "Fagernes"]
[Date "2021.10.12"]
[Round "4"]
[White "Lindh, Fredrik"]
[Black "Murphy, Conor"]
[Result "1/2-1/2"]
[WhiteElo "2296"]
[BlackElo "2428"]
[PlyCount "83"]
[EventDate "2021.10.10"]
[EventType "swiss"]
[EventRounds "9"]
[EventCountry "NOR"]
[SourceTitle "CBM 204 Extra"]
[Source "ChessBase"]
[SourceDate "2021.11.30"]
[SourceVersion "1"]
[SourceVersionDate "2021.11.30"]
[SourceQuality "1"]

1. e4 e5 2. Nf3 Nc6 3. Bb5 a6 4. Ba4 Nf6 5. 0-0 Be7 6. Re1 b5 7. Bb3 d6 8. c3 0-0 9. h3 Nb8 10. d4 Nbd7 11. c4 c6 12. a3 bxc4 13. Bxc4 Nxe4 14. dxe5 d5 15. Ba2 Ndc5 16. Nc3 Qc7 17. Qc2 Qb7 18. Be3 Bd7 19. b4 Nxc3 20. Bxc5 Bxc5 21. bxc5 Nxa2 22. Rab1 Qa7 23. Rb6 Rfb8 24. Reb1 Rxb6 25. Rxb6 Rb8 26. Rxb8+ Qxb8 27. Qxa2 Qb5 28. Qc2 Qa5 29. Qc1 h6 30. Nd4 Qa4 31. Qc3 Qd1+ 32. Kh2 Qf1 33. Kg3 Qb1 34. Nf3 Qg6+ 35. Kh2 Qe4 36. Qb4 Qf5 37. Qa4 Qd3 38. Qa5 Kh7 39. Qc7 Qf5 40. Kg1 Qb1+ 41. Kh2 Qf5 42. Kg1 1/2-1/2

[Event "Fagernes op"]
[Site "Fagernes"]
[Date "2021.10.11"]
[Round "2"]
[White "Lindh, Fredrik"]
[Black "Mierins, Emils Janis"]
[Result "1-0"]
[WhiteElo "2296"]
[BlackElo "2057"]
[PlyCount "53"]
[EventDate "2021.10.10"]
[EventType "swiss"]
[EventRounds "9"]
[EventCountry "NOR"]
[SourceTitle "CBM 204 Extra"]
[Source "ChessBase"]
[SourceDate "2021.11.30"]
[SourceVersion "1"]
[SourceVersionDate "2021.11.30"]
[SourceQuality "1"]

1. e4 c5 2. Nf3 e6 3. d4 cxd4 4. Nxd4 a6 5. Nc3 Qc7 6. Bd3 Nf6 7. Qe2 d6 8. a4 Be7 9. 0-0 0-0 10. Kh1 Bd7 11. f4 Nc6 12. Nxc6 Bxc6 13. Bd2 Nd7 14. b4 Bf6 15. Ra3 Rfc8 16. Rb3 Nb6 17. b5 axb5 18. axb5 Be8 19. e5 dxe5 20. Ne4 Qd8 21. Nxf6+ Qxf6 22. fxe5 Qd8 23. Bxh7+ Kxh7 24. Qh5+ Kg8 25. Rh3 f5 26. Qh7+ Kf7 27. Rg3 1-0

[Event "SWE-chT 1920 Superettan"]
[Site "Sweden"]
[Date "2020.10.18"]
[Round "9"]
[White "Lindh, Fredrik"]
[Black "Agrest, Evgenij"]
[Result "0-1"]
[WhiteElo "2259"]
[BlackElo "2583"]
[PlyCount "108"]
[EventDate "2019.10.18"]
[EventType "team-tourn"]
[EventRounds "9"]
[EventCountry "SWE"]
[SourceTitle "EXT 2023"]
[Source "ChessBase"]
[SourceDate "2022.10.05"]
[SourceVersion "1"]
[SourceVersionDate "2022.10.05"]
[SourceQuality "1"]
[WhiteTeam "Kristallen"]
[BlackTeam "Pelaro Alingsas"]
[WhiteTeamCountry "SWE"]
[BlackTeamCountry "SWE"]

1. e4 c6 2. d4 d5 3. e5 Bf5 4. Nd2 e6 5. Nb3 Ne7 6. Nf3 Nc8 7. a4 Nd7 8. Be2 Be7 9. a5 a6 10. 0-0 Na7 11. c4 dxc4 12. Bxc4 Nb5 13. Qe2 Nc7 14. Nfd2 h5 15. Ne4 Nd5 16. Bd2 Nf8 17. Nbc5 Rb8 18. h4 Bxc5 19. dxc5 Bxe4 20. Qxe4 Ng6 21. Bg5 Qc7 22. Rfe1 Nge7 23. Bxe7 Qxe7 24. Bxd5 exd5 25. Qd4 Rh6 26. Ra3 Rg6 27. e6 fxe6 28. Qe5 Rd8 29. Qxh5 Qf7 30. Qe5 Kd7 31. Ree3 Qe7 32. Rg3 Rf6 33. Raf3 Rdf8 34. b4 Kc8 35. h5 Rxf3 36. gxf3 Rf5 37. Qd4 e5 38. Qg4 Qf7 39. Rh3 Kb8 40. h6 gxh6 41. Rxh6 Ka7 42. Qh4 Qg7+ 43. Kf1 Rg5 44. Ke2 e4 45. fxe4 Qb2+ 46. Kf3 Qc3+ 47. Kf4 Qe5+ 48. Ke3 Qc3+ 49. Kf4 Qd2+ 50. Kf3 Rg8 51. exd5 Qxd5+ 52. Kf4 Rf8+ 53. Kg3 Qf3+ 54. Kh2 Rg8 0-1

[Event "SWE-chT 1920 Superettan"]
[Site "Sweden"]
[Date "2020.02.01"]
[Round "5"]
[White "Engqvist, Thomas"]
[Black "Lindh, Fredrik"]
[Result "0-1"]
[WhiteElo "2325"]
[BlackElo "2259"]
[PlyCount "120"]
[EventDate "2019.10.18"]
[EventType "team-tourn"]
[EventRounds "9"]
[EventCountry "SWE"]
[SourceTitle "EXT 2023"]
[Source "ChessBase"]
[SourceDate "2022.10.05"]
[SourceVersion "1"]
[SourceVersionDate "2022.10.05"]
[SourceQuality "1"]
[WhiteTeam "Stockholm Rockaden II"]
[BlackTeam "Kristallen"]
[WhiteTeamCountry "SWE"]
[BlackTeamCountry "SWE"]

1. Nf3 Nf6 2. c4 g6 3. b3 Bg7 4. Bb2 0-0 5. g3 c6 6. Bg2 d5 7. 0-0 Bg4 8. h3 Bxf3 9. exf3 dxc4 10. bxc4 Qb6 11. Qb3 Nbd7 12. Qa3 Rfd8 13. Bc3 Qc5 14. Qb3 Nb6 15. Na3 Rd3 16. Rae1 Ne8 17. Re3 Rad8 18. Qb4 Qxb4 19. Bxb4 e6 20. Rb1 Na4 21. Bf1 R3d7 22. Rbb3 c5 23. Bc3 Nxc3 24. dxc3 b6 25. Kg2 Rd2 26. Nb5 Rxa2 27. Rd3 Rxd3 28. Bxd3 Kf8 29. f4 Ke7 30. Ra3 Rxa3 31. Nxa3 Nd6 32. Nb1 Kd7 33. Kf3 Kc6 34. Ke3 a6 35. Be2 b5 36. cxb5+ axb5 37. h4 h5 38. Kd3 c4+ 39. Kc2 Kc5 40. Nd2 b4 41. cxb4+ Kxb4 42. f3 Bc3 43. Ne4 Nxe4 44. fxe4 Be1 45. g4 hxg4 46. Bxg4 Bxh4 47. f5 exf5 48. exf5 Bf6 49. fxg6 fxg6 50. Be6 Kc5 51. Kd2 Kd4 52. Ke2 Be5 53. Bg8 g5 54. Be6 Bf4 55. Bc8 c3 56. Bf5 g4 57. Bc2 g3 58. Kf3 Be5 59. Ke2 Kc4 60. Be4 Kb3 0-1

[Event "SWE-chT 1920 Superettan"]
[Site "Sweden"]
[Date "2019.10.18"]
[Round "1"]
[White "Lindh, Fredrik"]
[Black "Hamark, Jesper"]
[Result "1/2-1/2"]
[WhiteElo "2259"]
[BlackElo "2361"]
[PlyCount "143"]
[EventDate "2019.10.18"]
[EventType "team-tourn"]
[EventRounds "9"]
[EventCountry "SWE"]
[SourceTitle "EXT 2023"]
[Source "ChessBase"]
[SourceDate "2022.10.05"]
[SourceVersion "1"]
[SourceVersionDate "2022.10.05"]
[SourceQuality "1"]
[WhiteTeam "Kristallen"]
[BlackTeam "Kamraterna"]
[WhiteTeamCountry "SWE"]
[BlackTeamCountry "SWE"]

1. e4 c5 2. Nf3 g6 3. c4 Bg7 4. d4 cxd4 5. Nxd4 Nc6 6. Nc2 e6 7. Nc3 Nge7 8. Be2 0-0 9. 0-0 f5 10. exf5 Nxf5 11. Ne3 Nfd4 12. Bd2 b6 13. Bd3 Bb7 14. Be4 Qb8 15. Nc2 Nf5 16. Qe2 Nd6 17. Rad1 Ne5 18. Bxb7 Qxb7 19. b3 Rf7 20. Be1 Qc7 21. Nd4 a6 22. f4 Nc6 23. Nxc6 Qxc6 24. Qd3 Nb7 25. Ne4 Nc5 26. Nxc5 bxc5 27. Bc3 Bxc3 28. Qxc3 Rd8 29. Qe5 d5 30. Rfe1 Rd6 31. cxd5 exd5 32. Rc1 Rf5 33. Qc3 d4 34. Qc4+ Qd5 35. Re8+ Kf7 36. Qe2 Re6 37. Rxe6 Qxe6 38. Qf3 Qd5 39. Qxd5+ Rxd5 40. Kf2 Rf5 41. Kf3 g5 42. g3 gxf4 43. g4 Re5 44. Kxf4 Re2 45. Rxc5 Rxa2 46. Rc7+ Kg8 47. h4 Rb2 48. Rd7 Rxb3 49. Rxd4 Rb5 50. Rd8+ Kg7 51. Rd7+ Kg8 52. h5 h6 53. Rd6 Kg7 54. Rg6+ Kh7 55. Rxa6 Rb4+ 56. Kf5 Rb5+ 57. Ke4 Rb4+ 58. Kf3 Rb3+ 59. Ke2 Rc3 60. Ra7+ Kg8 61. Re7 Rg3 62. Re4 Kg7 63. Kf2 Ra3 64. Re3 Ra4 65. Kf3 Kf6 66. Re4 Ra1 67. Rc4 Rf1+ 68. Kg3 Ra1 69. Rc6+ Kg7 70. Rc7+ Kg8 71. Re7 Rg1+ 72. Kf3 1/2-1/2

[Event "Paleochora op 12th"]
[Site "Paleochora"]
[Date "2019.07.18"]
[Round "7"]
[White "Lindh, Fredrik"]
[Black "Kourkoulos Arditis, Stamatis"]
[Result "0-1"]
[WhiteElo "2286"]
[BlackElo "2436"]
[PlyCount "60"]
[EventDate "2019.07.13"]
[EventType "swiss"]
[EventRounds "9"]
[EventCountry "GRE"]
[SourceTitle "EXT 2020"]
[Source "ChessBase"]
[SourceDate "2019.10.17"]
[SourceVersion "1"]
[SourceVersionDate "2019.10.17"]
[SourceQuality "1"]

1. e4 c5 2. Nf3 e6 3. d4 cxd4 4. Nxd4 Nc6 5. Nc3 Qc7 6. Be2 a6 7. 0-0 Nf6 8. Be3 Be7 9. f4 d6 10. Qe1 0-0 11. Qg3 Nxd4 12. Bxd4 b5 13. a3 Bb7 14. Kh1 Rad8 15. Rae1 Rd7 16. Bd3 Qd8 17. Re3 g6 18. Qh3 Re8 19. Rg3 Bf8 20. f5 Bg7 21. fxg6 fxg6 22. Rgf3 Rf7 23. Qh4 Ref8 24. a4 b4 25. Na2 e5 26. Be3 d5 27. exd5 Bxd5 28. Bc4 e4 29. Bxd5 Qxd5 30. Nxb4 Qb7 0-1

[Event "SWE-chB"]
[Site "Ronneby"]
[Date "2018.06.30"]
[Round "1"]
[White "Lindh, Fredrik"]
[Black "Lundin, Jan"]
[Result "1/2-1/2"]
[WhiteElo "2273"]
[BlackElo "2282"]
[PlyCount "38"]
[EventDate "2018.06.30"]
[EventType "tourn"]
[EventRounds "9"]
[EventCountry "SWE"]
[EventCategory "3"]
[SourceTitle "CBM 185 Extra"]
[Source "ChessBase"]
[SourceDate "2018.07.29"]
[SourceVersion "1"]
[SourceVersionDate "2018.07.29"]
[SourceQuality "1"]

1. e4 c5 2. Nf3 e6 3. d4 cxd4 4. Nxd4 Nf6 5. Nc3 d6 6. Be3 Be7 7. f4 0-0 8. Qf3 e5 9. Nf5 Bxf5 10. exf5 Nbd7 11. 0-0-0 Rc8 12. Bb5 Rxc3 13. bxc3 d5 14. Rxd5 e4 15. Rxd7 Ba3+ 16. Kb1 Qa5 17. Qe2 Nxd7 18. Bxd7 Qxc3 19. Bc1 Qb4+ 1/2-1/2

[Event "SWE-chT 1718 Superettan"]
[Site "Sweden"]
[Date "2018.02.04"]
[Round "6"]
[White "Lindh, Fredrik"]
[Black "Malmstig, Erik"]
[Result "1/2-1/2"]
[WhiteElo "2254"]
[BlackElo "2300"]
[PlyCount "146"]
[EventDate "2017.10.20"]
[EventType "team-tourn"]
[EventRounds "9"]
[EventCountry "SWE"]
[SourceTitle "EXT 2019"]
[Source "ChessBase"]
[SourceDate "2018.10.10"]
[SourceVersion "1"]
[SourceVersionDate "2018.10.10"]
[SourceQuality "1"]
[WhiteTeam "Kristallens"]
[BlackTeam "Umea Rockaden"]
[WhiteTeamCountry "SWE"]
[BlackTeamCountry "SWE"]

1. e4 c5 2. Nf3 e6 3. d4 cxd4 4. Nxd4 a6 5. Nc3 Qc7 6. Bd3 Bc5 7. Nb3 Ba7 8. Qg4 Ne7 9. Qg3 Qxg3 10. hxg3 b5 11. e5 Nbc6 12. f4 Nb4 13. Be4 Rb8 14. a3 Nbc6 15. Bd2 h6 16. 0-0-0 0-0 17. g4 Rd8 18. f5 Nxe5 19. Bf4 Nxg4 20. Bxb8 Bxb8 21. fxe6 fxe6 22. Rdf1 d5 23. Bf3 Ne3 24. Re1 Ba7 25. Nd1 N3f5 26. g4 Nd6 27. Nc3 Nc4 28. Re2 Ng6 29. Rd1 Nce5 30. Bg2 Nxg4 31. Bh3 Ne3 32. Rde1 Nf4 33. Rh2 Nxh3 34. Rxh3 Ng4 35. Rd3 Rf8 36. Nd4 Bxd4 37. Rxd4 h5 38. Ne2 Bb7 39. Rf4 e5 40. Rxf8+ Kxf8 41. Kd2 g6 42. Nc1 Ke7 43. Nd3 Kd6 44. Rf1 Ke7 45. Re1 e4 46. Nf4 Ne5 47. Ke2 d4 48. Rd1 d3+ 49. cxd3 exd3+ 50. Ke3 Nc4+ 51. Kf2 Nxb2 52. Rd2 Nc4 53. Rxd3 Be4 54. Rc3 Kf6 55. a4 h4 56. axb5 axb5 57. Ne2 Ke5 58. Rb3 Bc6 59. Nc3 Nd6 60. Rb4 g5 61. Rg4 Kf5 62. Rd4 Nf7 63. Nxb5 Ne5 64. Nd6+ Ke6 65. Ne4 g4 66. Nd2 Kf5 67. Nf1 Bf3 68. Ra4 Nd3+ 69. Ke3 Ne5 70. Kf2 g3+ 71. Nxg3+ hxg3+ 72. Kxg3 Be4 73. Rxe4 Kxe4 1/2-1/2